000 00640cam a22002053a 4500
001 41869
003 PGUSA
005 20140828083938.0
008 130118s2013||||xxu|||||s|||||000 | eng d
040 _aPGUSA
_beng
042 _adc
100 1 _aEndell, Fritz August Gottfried,
_d1873-
245 1 0 _aOld Tavern Signs :
_bAn Excursion in the History of Hospitality
_h[electronic resource] /
_cFritz August Gottfried Endell
260 _bProject Gutenberg,
_c2013
506 _aPublic domain in the USA.
516 _aElectronic text
830 0 _aProject Gutenberg
_v41869
856 4 0 _uhttp://www.gutenberg.org/ebooks/41869
942 _cEB
999 _c271121
_d271121